Structure Theory for Canonical Classes of Finite Groups

This book offers a systematic introduction to recent achievements and development in research on the structure of finite non-simple groups, the theory of classes of groups and their applications. In particular, the related systematic theories are considered and some new approaches and research metho...

Full description

Bibliographic Details
Main Author: Guo, Wenbin (Author)
Corporate Author: SpringerLink (Online service)
Format: Electronic eBook
Language:English
Published: Berlin, Heidelberg : Springer Berlin Heidelberg : Imprint: Springer, 2015.
Subjects:
Online Access:Full Text via HEAL-Link
LEADER 02171nam a22004095i 4500
001 978-3-662-45747-4
003 DE-He213
005 20150423192524.0
007 cr nn 008mamaa
008 150423s2015 gw | s |||| 0|eng d
020 |a 9783662457474  |9 978-3-662-45747-4 
024 7 |a 10.1007/978-3-662-45747-4  |2 doi 
040 |d GrThAP 
050 4 |a QA174-183 
072 7 |a PBG  |2 bicssc 
072 7 |a MAT002010  |2 bisacsh 
082 0 4 |a 512.2  |2 23 
100 1 |a Guo, Wenbin.  |e author. 
245 1 0 |a Structure Theory for Canonical Classes of Finite Groups  |h [electronic resource] /  |c by Wenbin Guo. 
264 1 |a Berlin, Heidelberg :  |b Springer Berlin Heidelberg :  |b Imprint: Springer,  |c 2015. 
300 |a XIV, 359 p.  |b online resource. 
336 |a text  |b txt  |2 rdacontent 
337 |a computer  |b c  |2 rdamedia 
338 |a online resource  |b cr  |2 rdacarrier 
347 |a text file  |b PDF  |2 rda 
505 0 |a The F-hypercentre and its generalizations -- Groups with given systems of X-permutable subgroups -- Between complement and supplement -- Groups with given maximal chains of subgroups -- Formations and Fitting classes. 
520 |a This book offers a systematic introduction to recent achievements and development in research on the structure of finite non-simple groups, the theory of classes of groups and their applications. In particular, the related systematic theories are considered and some new approaches and research methods are described – e.g., the F-hypercenter of groups, X-permutable subgroups, subgroup functors, generalized supplementary subgroups, quasi-F-group, and F-cohypercenter for Fitting classes. At the end of each chapter, we provide relevant supplementary information and introduce readers to selected open problems. 
650 0 |a Mathematics. 
650 0 |a Group theory. 
650 1 4 |a Mathematics. 
650 2 4 |a Group Theory and Generalizations. 
710 2 |a SpringerLink (Online service) 
773 0 |t Springer eBooks 
776 0 8 |i Printed edition:  |z 9783662457467 
856 4 0 |u http://dx.doi.org/10.1007/978-3-662-45747-4  |z Full Text via HEAL-Link 
912 |a ZDB-2-SMA 
950 |a Mathematics and Statistics (Springer-11649)